Chess FIDE top 100 - September 2024 - Statistics

General Stats
  • This quiz has been taken 977 times
    324 since last reset
  • The average score is 32 of 100
Answer Stats
Ranking Chess player Federation Rating (2024-09) Birth year % Correct
1 Magnus Carlsen Norway 2832 1990
100%
2 Hikaru Nakamura United States of America 2802 1987
98%
3 Fabiano Caruana United States of America 2798 1992
94%
7 Dommaraju Gukesh India 2764 2006
90%
15 Ding Liren China 2736 1992
88%
5 Alireza Firouzja France 2767 2003
84%
11 Viswanathan Anand India 2751 1969
79%
4 Arjun Erigaisi India 2778 2003
77%
10 Wesley So United States of America 2752 1993
74%
22 Anish Giri Netherlands 2724 1994
73%
19 Maxime Vachier-Lagrave France 2731 1990
73%
9 Ian Nepomniachtchi Russia 2755 1990
71%
18 Jan-Krzystof Duda Poland 2732 1998
71%
8 Wei Yi China 2762 1999
71%
12 Rameshbabu Praggnanandhaa India 2750 2005
69%
21 Levon Aronian United States of America 2729 1982
68%
6 Nordibek Abdusattorov Uzbekistan 2766 2004
67%
16 Hans Niemann United States of America 2733 2003
64%
20 Vincent Keymer Germany 2730 2004
64%
24 Santosh Vidit India 2720 1994
62%
25 Richard Rapport Hungary 2715 1996
61%
14 Quang Liem Le Vietnam 2741 1991
60%
17 Shakhriyar Mamedyarov Azerbaijan 2733 1985
56%
13 Leinier Dominguez Perez United States of America 2748 1983
46%
36 Daniil Dubov Russia 2693 1996
45%
23 Parham Maghsoodloo Iran 2723 2000
45%
59 Nihal Sarin India 2668 2004
43%
39 Alexander Grischuk Russia 2689 1983
39%
35 Jorden Van Foreest Netherlands 2696 1999
39%
52 Javokhir Sindarov Uzbekistan 2677 2005
37%
31 Teimour Radjabov Azerbaijan 2700 1987
35%
51 Sam Shankland United States of America 2677 1991
34%
50 David Howell England 2677 1990
33%
90 Aryan Tari Norway 2642 1999
32%
41 Pentala Harikrishna India 2686 1986
32%
38 Vladimir Fedoseev Slovenia 2692 1995
31%
28 Wang Hao China 2703 1989
31%
43 David Navara Czech Republic 2681 1985
30%
95 Matthias Bluebaum Germany 2640 1997
30%
66 Michael Adams England 2661 1971
29%
29 Yu Yangyi China 2703 1994
29%
71 Boris Gelfand Israel 2658 1968
27%
32 Ray Robson United States of America 2700 1994
27%
46 Bogdan-Daniel Deac Romania 2680 2001
25%
64 Étienne Bacrot France 2665 1983
24%
34 Peter Svidler Russia 2698 1976
24%
40 Samuel Sevian United States of America 2689 2000
24%
62 Alexei Shirov Spain 2666 1972
23%
49 Andrey Esipenko Russia 2677 2002
23%
27 Alexey Sarana Serbia 2713 2000
22%
94 Frederik Svane Germany 2640 2004
22%
26 Amin Tabatabaei Iran 2714 2001
21%
54 Ivan Saric Croatia 2673 1990
21%
75 Nils Grandelius Sweden 2653 1993
21%
61 Nordibek Yakubboev Azerbaijan 2666 2002
20%
44 Radoslaw Wojtaszek Poland 2681 1987
20%
30 Vladislav Artemiev Russia 2701 1998
20%
100 Rauf Mamedov Azerbaijan 2637 1988
19%
72 Francisco Vallejo Pons Spain 2657 1982
18%
84 Gawain Jones England 2646 1987
18%
53 Nikita Vitiugov England 2676 1987
18%
33 Chithambaram Aravindh India 2698 1999
17%
86 Jeffery Xiong United States of America 2646 2000
17%
74 Ruslan Ponomariov Ukraine 2654 1983
16%
97 Alexander Donchenko Germany 2638 1998
15%
76 Anton Korobov Ukraine 2650 1985
15%
55 Kirill Shevchenko Romania 2673 2002
15%
58 Awonder Liang United States of America 2671 2003
14%
37 Bu Xiangzhi China 2693 1985
14%
67 Johan-Sebastian Christiansen Norway 2661 1998
14%
83 Thai Nguyen Czech Republic 2647 2001
14%
81 Volodar Murzin Russia 2648 2006
14%
63 David Anton Guijarro Spain 2665 1995
13%
82 Jonas Bjerre Denmark 2648 2004
13%
42 Rustam Kasimdzhanov Uzbekistan 2685 1979
13%
85 Gabriel Sargissian Armenia 2646 1983
12%
65 Grigoriy Oparin United States of America 2662 1997
12%
48 Kirill Alekseenko Austria 2679 1997
12%
73 Alexander Morozevich Russia 2655 1977
11%
60 Haik Martirosyan Armenia 2667 2000
11%
56 Pavel Eljanov Ukraine 2672 1983
11%
57 Alexandr Predke Russia 2671 1994
10%
69 Dmitrij Kollars Germany 2659 1999
10%
70 Raunak Sadhwani India 2659 2005
10%
77 Shamsiddin Vokhidov Uzbekistan 2650 2002
10%
80 Shant Sargsyan Armenia 2649 1983
9%
47 Max Warmerdam Netherlands 2679 2000
8%
93 Sunilduth Narayanan India 2640 1998
8%
68 Andrei Volokitin Ukraine 2660 1986
7%
45 Evgeny Tomashevsky Russia 2681 1987
7%
79 Ni Hua China 2649 1983
7%
87 Sanan Sjugirov Hungary 2644 1993
7%
91 Ante Brkic Croatia 2642 1988
5%
89 Arkadij Naiditsch Azerbaijan 2643 1985
5%
78 Ernesto Inarkiev Russia 2650 1985
5%
98 Ma Qun China 2638 1991
5%
92 Vladimir Malakhov Russia 2642 1980
5%
99 Evgeniy Najer Russia 2637 1977
4%
88 Yuriy Kryvoruchko Ukraine 2643 1986
4%
96 Abhimanyu Puranik India 2639 2000
3%
No matching quizzes found
Score Distribution
Percent of People with Each Score
Percentile by Number Answered
Your Score History
You have not taken this quiz since the last reset